| 000 | 00654cam a22002052 4500 | ||
|---|---|---|---|
| 001 | 0000003312 | ||
| 005 | 20151217151922.0 | ||
| 008 | 070503s xx 000 0 eng d | ||
| 040 |
_aKABU _cKABU |
||
| 050 | 0 |
_aHV640.4 _b.A37A95 |
|
| 100 | 1 |
_aAyiemba, Elias H. O. _@0000150043 |
|
| 245 | 1 | 4 |
_aThe Refugee crisis in Sub-Saharan Africa : _bwhat are the solutions? / _cElias H. O. Ayiemba and John O. Oucho. |
| 260 |
_aNairobi : _bAPEI, _c1995. |
||
| 300 | _a31 p. | ||
| 650 | 0 |
_aRefugees _zAfrica. _@0000153117 |
|
| 700 | 1 |
_aOucho, John O. _@0000150015 |
|
| 852 | 1 | _9p375 KES | |
| 908 | _a070503 | ||
| 950 | _@1 | ||
| 999 |
_c6352 _d6352 |
||